Statistics for Countries With The Highest GDP Growth In 2022

Click here to take the quiz!

General Stats

  • This quiz has been taken 46 times
  • The average score is 15 of 35

Answer Stats

%Country% Correct
8.0China
85%
8.9India
78%
10.1Argentina
63%
8.3Brazil
61%
12.8Chile
61%
10.6Colombia
61%
9.2Ecuador
56%
13.4Peru
56%
18.3Panama
54%
8.1Uruguay
54%
7.6Costa Rica
49%
11.7Dominican Republic
46%
19.9Guyana
46%
15.9Ireland
46%
10.3El Salvador
41%
7.9Guatemala
41%
12.6Honduras
41%
10.3Nicaragua
41%
8.2Greece
39%
179.1Libya
37%
10.3Rwanda
37%
31.7Maldives
32%
9.5Malta
32%
7.5Seychelles
32%
11.0Croatia
29%
8.5Albania
27%
12.2Montenegro
27%
8.0Slovenia
27%
13.0Botswana
24%
8.5Estonia
24%
9.8Kosovo
24%
9.4Tajikistan
24%
10.4Georgia
22%
10.9Moldova
20%
9.0Andorra
17%

Score Distribution

Percentile by Number Answered

Percent of People with Each Score

Your Score History

You have not taken this quiz